00520cam a22001694a 4500020001500000040000800015082002900023100002300052245006100075260007800136300002900214490002200243650001600265650003000281700001600311700002300327 a089629112X cDLC00a338 IFPRI 1999 C141 Or.11 aEvenson, Robert E.10aAgricultural research and productivity growth in India / aWashington, D.C. :bInternational Food Policy Research Institute,cc1999. a88 p. :bill. ;c 26 cm.1 aResearch report ; 0aAgriculture 0aAgricultural productivity1 aPray, Carl.1 aRosegrant, Mark W.